000 00526nam a2200181Ia 4500
005 20250423101249.0
008 250422s9999 xx 000 0 und d
020 _a9780393037807
050 _aUA 23 .A547/
100 _aAlexander, Bevin
245 4 _aThe future of warfare
260 _aNew York
260 _bW.W. Norton
260 _c c1995
300 _a235 p
650 _aLow-intensity conflicts (Military science) Balance of power. Guerrilla warfare--Case studies. United States--Military policy.
942 _cBK
999 _c35785
_d35785